000 00703cam a2200181 i 4500
005 20251215110201.0
008 250721s1998 su gr 000 0 ara d
082 1 4 _a216.534
_bم ح م
100 1 _aالزعبلاوي، محمد السيد محمد
_eمؤلف.
245 1 2 _aالأمومة :
_bفي القرآن الكريم و السنة النبوية /
_cتأليف الدكتور محمد السيد محمد الزعبلاوي.
250 _aالطبعه السادسه.
264 3 1 _aالرياض :
_bدار ابن حزم،
_c1998.
300 _a281صفحة
650 1 7 _aفقه المرآة.
650 1 7 _aالمرآة في الاسلام.
942 _2ddc
_cBK
999 _c50238
_d50238